ANALYTICAL CORPORATE FINANCE (Record no. 4632)
[ view plain ]
| 000 -LEADER | |
|---|---|
| fixed length control field | 00453nam a22001697a 4500 |
| 008 - FIXED-LENGTH DATA ELEMENTS--GENERAL INFORMATION | |
| fixed length control field | 260401b |||||||| |||| 00| 0 eng d |
| 020 ## - INTERNATIONAL STANDARD BOOK NUMBER | |
| ISBN | 9783080070922 |
| 100 ## - MAIN ENTRY--AUTHOR | |
| Author | CORELLI, ANGELO |
| 245 ## - TITLE STATEMENT | |
| Title | ANALYTICAL CORPORATE FINANCE |
| 250 ## - EDITION STATEMENT | |
| Edition statement | 2ND |
| 260 ## - PUBLICATION, DISTRIBUTION, ETC. (IMPRINT) | |
| Place of publication | SWITZERLAND |
| Name of publisher | SPRINGER NATURE SWITZERLAND |
| Date of publication | 2018 |
| 300 ## - COLLATION | |
| Pagination | XX, 501P. |
| Other physical details | ILL |
| 650 ## - TRACINGS | |
| Main Subject | ACCOUNTING |
| Subdivision (1st) | BUSINESS ENTREPRISES |
| 942 ## - ADDED ENTRY ELEMENTS (KOHA) | |
| Item type | Books |
| 050 ## - LIBRARY OF CONGRESS CALL NUMBER | |
| Classification number | HG4026 |
| Item number | .C67 |
| Source of classification or shelving scheme | Not for loan | Permanent location | Current location | Date acquired | Accession No. | Full call number | Barcode. | Copy number | Koha item type |
|---|---|---|---|---|---|---|---|---|---|
| Library of Congress Classification | Samuel Ogbemudia Main Library, University of Abuja | Samuel Ogbemudia Main Library, University of Abuja | 04/01/2026 | 2024/62731 | HG4026 .C67 | 2026-0118 | 1 | Books | |
| Library of Congress Classification | Samuel Ogbemudia Main Library, University of Abuja | Samuel Ogbemudia Main Library, University of Abuja | 04/01/2026 | 2024/62731 | HG4026 .C67 | 2026-0121 | 1 | Books |